A laboratory guide to human physiology concepts and clinical applications (Registro nro. 37987)
[ vista simple ]
| 000 -ENCABEZADO | |
|---|---|
| Número de control [NR] | 00930nam a2200277Ia 4500 |
| 008 - DE LONGITUD FIJA DE DATOS DE ELEMENTOS - INFORMACIÓN GENERAL | |
| Elementos de longitud fija [NR] | 130821s2011 xxua gr eng |
| 020 ## - NUMERO INTERNACIONAL NORMALIZADO PARA LIBROS [R] | |
| Número Internacional Normalizado del libro [NR] | 77296176 |
| 020 ## - NUMERO INTERNACIONAL NORMALIZADO PARA LIBROS [R] | |
| Número Internacional Normalizado del libro [NR] | 9780077296179 |
| 040 ## - FUENTE DE CATALOGACION [NR] | |
| Agencia de catalogación original [NR] | Co-BoUCM |
| Idioma de catalogación [NR] | spa |
| 041 00 - CODIGO DE IDIOMA [R] | |
| Código de idioma para texto/pista de sonido o título separado [R] | Inglés |
| 060 ## - SIGNATURA TOPOGRAFICA DE LA BIBLIOTECA NACIONAL DE MEDICINA (NLM) [R] | |
| Número clasificador [R] | QT 25 |
| 100 1# - ASIENTO PRINCIPAL--NOMBRE PERSONAL [NR] | |
| Nombre personal [NR] | Fox, Stuart Ira |
| 245 12 - MENCION DE TITULO [NR] | |
| Título [NR] | A laboratory guide to human physiology concepts and clinical applications |
| Mención de responsabilidad, etc. [NR] | Stuart Ira Fox |
| 246 04 - FORMA VARIANTE DEL TITULO [R] | |
| Título propiamente dicho/forma breve del título [NR] | A laboratory guide to human physiology |
| Parte restante del título [NR] | Concepts & clinical applications |
| 250 ## - MENCION DE EDICION [NR] | |
| Mención de edición [NR] | 14a. ed. |
| 260 ## - PUBLICACION, DISTRIBUCION, ETC. (PIE DE IMPRENTA) [R] | |
| Lugar de publicación, distribución, etc. [R] | Nueva York (Estados Unidos) |
| Nombre del editor, distribuidor, etc. [R] | McGraw Hill |
| Fecha de publicación, distribución, etc. [R] | 2011 |
| 300 ## - DESCRIPCION FISICA [R] | |
| Extensión [R] | x, 414 páginas |
| Otros detalles físicos [NR] | ilustraciones |
| 500 ## - NOTA GENERAL [R] | |
| Nota general [NR] | incluye índice. |
| 650 04 - ASIENTO SECUNDARIO DE MATERIA - TERMINO TEMATICO [R] | |
| Término temático o nombre geográfico como elemento de entrada [NR] | Fisiología |
| 9 (RLIN) | 15925 |
| 650 04 - ASIENTO SECUNDARIO DE MATERIA - TERMINO TEMATICO [R] | |
| Término temático o nombre geográfico como elemento de entrada [NR] | Metabolismo |
| 9 (RLIN) | 288 |
| 650 04 - ASIENTO SECUNDARIO DE MATERIA - TERMINO TEMATICO [R] | |
| Término temático o nombre geográfico como elemento de entrada [NR] | Sistema cardiovascular |
| 9 (RLIN) | 24511 |
| 650 04 - ASIENTO SECUNDARIO DE MATERIA - TERMINO TEMATICO [R] | |
| Término temático o nombre geográfico como elemento de entrada [NR] | Sistema nervioso |
| 9 (RLIN) | 24577 |
| 650 04 - ASIENTO SECUNDARIO DE MATERIA - TERMINO TEMATICO [R] | |
| Término temático o nombre geográfico como elemento de entrada [NR] | Sistema reproductivo |
| 9 (RLIN) | 378 |
| 650 04 - ASIENTO SECUNDARIO DE MATERIA - TERMINO TEMATICO [R] | |
| Término temático o nombre geográfico como elemento de entrada [NR] | Sistema respiratorio |
| 9 (RLIN) | 24595 |
| 942 ## - ELEMENTOS DE ENTRADA AGREGADOS (KOHA) | |
| Tipo de ítem principal el descrito en 300a | Libro |
| Tema principal | Ciencias de la salud |
| Edición | 1 |
| Parte restante de la signatura top. | F791a |
| Sistema de clasificación | NLM |
| Clasificación | QT 25 |
| Título oculto en OPAC | No |
| Fecha de último préstamo | Total préstamos | Total Renewals | Signatura topográfica | Código de barras | Última vez visto | Volúmen / Fascículo | Ejemplar | Price effective from | Tipo de ítem | Perdido | Sistema de clasificación | Dañado | No prestable | Tipo de ítem específico | Suprimido | Ubicación habitual | Ubicación actual | Localización | Fecha de creación | Forma de adquisición | Costo |
|---|---|---|---|---|---|---|---|---|---|---|---|---|---|---|---|---|---|---|---|---|---|
| 09/02/2022 | 5 | 1 | QT 25 F791a | 200022952 | 11/12/2025 | 14a. Ed. | Ej.4 | 03/02/2013 | Libro | NLM | Libro | Quinta de Mutis | Quinta de Mutis | 1er piso | 28/02/2013 | Compra | 224000.00 | ||||
| 12/03/2016 | 2 | QT 25 F791a | 200022953 | 11/12/2025 | 14a. Ed. | Ej.5 | 03/02/2013 | Libro | NLM | Libro | Quinta de Mutis | Quinta de Mutis | 1er piso | 28/02/2013 | Compra | 224000.00 | |||||
| 28/04/2014 | 1 | 3 | QT 25 F791a | 200022954 | 11/12/2025 | 14a. Ed. | Ej.6 | 03/02/2013 | Libro | NLM | Libro | Quinta de Mutis | Quinta de Mutis | 1er piso | 28/02/2013 | Compra | 224000.00 | ||||
| 11/09/2013 | 1 | QT 25 F791a | 200022853 | 11/12/2025 | 14a. Ed. | Ej.2 | 03/02/2013 | Libro | NLM | Libro | Quinta de Mutis | Quinta de Mutis | 1er piso | 28/02/2013 | Compra | 198900.00 | |||||
| 14/08/2012 | QT 25 F791a | 200022852 | 11/12/2025 | 14a. Ed. | Ej.1 | 03/02/2013 | Libro | NLM | Libro | Quinta de Mutis | Quinta de Mutis | 1er piso | 28/02/2013 | Compra | 198900.00 | ||||||
| 06/03/2018 | 2 | QT 25 F791a | 200022854 | 11/12/2025 | 14a. Ed. | Ej.3 | 03/02/2013 | Libro | NLM | Libro | Quinta de Mutis | Quinta de Mutis | 1er piso | 28/02/2013 | Compra | 198900.00 |